01370nam a2200325 i 450000500170000000700030001700800410002002000180006104000350007904100080011408200200012210000380014224502030018025000210038326400440040430000540044833600270050233700330052933800280056249000250059050000420061552100610065765000860071865000760080465000580088070000390093870000370097794200150101499900150102920220317001408.0ta201026t2014 sp ao br 000 0 spa d a9788434225244 aCO-BoRNBPbspaerdacCO-BoRNBP0 aspa04a745.5bM17a2221 aMarti i Garbayo, Mónicaeautora10aArtebactividades creativas para la educación infantil ctextos y realización de ejercicios Mónica Martí i Garbayo e Isabel Sanz Muelas ; ilustraciones Jairo Ribero ; editor Jesús Araújo aCuarta edición 4aBadalonabParramón Paidotriboc©2014 a48 páginasbilustraciones, fotografíasc31 cm atextobtxt2rdacontent asin mediaciónbn2rdamedia avolumenbnc2rdacarrier0 aManitas artísticas aIncluye plantillas al final del texto aRecomendado para un público infantil mayor de 9 años17aActividades creativas y trabajo de clasexEnseñanza xLiteratura infantil2LEMB17aTrabajos manuales (Educación)xEnseñanzaxLiteratura infantil2LEMB17aArtesaníasxEnseñanza xLiteratura infantil2LEMB1 aSanz Muelas, Isabeleautora9174781 aRibero, Jairoeilustrador972042 2ddccBKINF c6838d6838